000 00792cam a22002771 4500
001 sa 68005701
003 DLC
005 20260227112511.0
008 900207s1965 ii b 000 0 sano
010 _asa 68005701
035 _a(OCoLC)21014346
040 _aDLC
_cWaU
_dDLC
041 0 _asanhin
042 _apremarc
050 0 0 _aPK3791.B4
_bP72 1965
100 0 _aBhāsa.
245 0 0 _aBhāsanāṭakacakre Pratijñāyaugandharāyaṇam.
260 _c1965.
300 _a16, 132 p.
_c19 cm.
440 0 _aVidyabhawan Sanskrit granthamala,
_v39
500 _aAdded t. p. in English.
500 _aHindi and Sanskrit; introductory matter in Hindi.
500 _aBibliographical footnotes.
700 1 _aGiri, Kapiladeva,
_d1931-
740 0 _aPratijñāyaugandharāyaṇam.
999 _c80890
_d80890